Statistics for Phases of the Moon

Click here to take the quiz!

General Stats

  • This quiz has been taken 40 times
  • The average score is 5 of 8

Answer Stats

Phase% Correct
Full Moon
100%
New Moon
96%
Waxing Gibbous
56%
Waning Gibbous
52%
Waning Crescent
48%
Waxing Crescent
48%
First Quarter
44%
Last Quarter
36%

Score Distribution

Percentile by Number Answered

Percent of People with Each Score

Your Score History

You have not taken this quiz